Polarografía /

Guardado en:
Autor Principal: Arvía, Alejandro J.
Autor Corporativo: Secretaría General de la Organización de los Estados Americanos (OEA). Programa Regional de Desarrollo Científico y Tecnólogico Departamento de Asuntos Científicos.
Otros Autores: Bolzan, Jorge Alfredo.
Formato: Libro
Idioma:Spanish
Publicado: Washington, D. C. : Secretaría General de la Organización de los Estados Americanos, Programa Regional de Desarrollo Científico y Tecnólogico, Departamento de Asuntos Científicos, 1974.
Series:Serie de química ; monografía no. 13
Materias:
Etiquetas: Agregar Etiqueta
Sin Etiquetas, Sea el primero en etiquetar este registro!
LEADER 01104cam a22002295a 4500
001 EIQ.libpla000882
008 770826s1974####dcua#####b####000#0#spa#d
005 20060612194303.0
245 1 0 |a Polarografía /  |c por Alejandro Jorge Arvía y Jorge Alfredo Bolzan. 
260 |a Washington, D. C. :  |b Secretaría General de la Organización de los Estados Americanos, Programa Regional de Desarrollo Científico y Tecnólogico, Departamento de Asuntos Científicos,  |c 1974. 
300 |a vi, 83 p. :  |b il. ;  |c 23 cm. 
440 0 |a Serie de química ;  |v monografía no. 13 
504 |a Bibliografía: p. 79-80. 
100 1 |a Arvía, Alejandro J.  |q (Alejandro Jorge) 
700 1 |a Bolzan, Jorge Alfredo. 
710 2 |a Secretaría General de la Organización de los Estados Americanos (OEA).  |b Programa Regional de Desarrollo Científico y Tecnólogico  |b Departamento de Asuntos Científicos. 
082 |a 540/.8 s  |a [545/.32] 
650 4 |a Polarografía  |x Introducción. 
650 4 |a Polarography  |x Introduction. 
010 |a  74234264  
040 |a DLC  |c ScU  |d AR-BbSID 
859 |a AR-BbSID  |b BIB. PLAPIQUI  |h 545.32  |i Ar 87  |p 5260